[Event "Festival Maggio"]
[Site "Roma ITA"]
[Date "1997.04.??"]
[Round "3"]
[White "Spano' Cuomo, Gaetano"]
[Black "Zanobini, Andrea"]
[Result "0-1"]
[WhiteElo "1707"]
[BlackElo "1798"]
[PlyCount "112"]
[EventDate "1997.04.30"]

1. d4 d5 2. Nf3 Nf6 3. e3 Bg4 4. Be2 e6 5. O-O Bd6 6. Nbd2 O-O 7. c4 c6 8. b3
Nbd7 9. Bb2 Rc8 10. Ne5 Bxe2 11. Qxe2 c5 12. Nxd7 Nxd7 13. dxc5 Bxc5 14. cxd5
exd5 15. Rac1 Rc6 16. Rfd1 Qg5 17. Nf3 Qh5 18. Nd4 Rh6 19. Qxh5 Rxh5 20. b4
Bxb4 21. Rc7 Ne5 22. Rxb7 Bc5 23. Nb3 Bb6 24. Bd4 Nc4 25. a4 Rd8 26. a5 Nxa5
27. Nxa5 Bxa5 28. Rxa7 Bb4 29. Rb1 Bd6 30. g3 Be5 31. Bc5 Rh6 32. f4 Bc3 33.
Rbb7 Rc6 34. Rd7 Rcc8 35. Rac7 Bf6 36. Rxc8 Rxc8 37. Rxd5 h6 38. Kg2 Bb2 39. e4
Re8 40. Kf3 Rb8 41. e5 Kh7 42. f5 Rb5 43. Ke4 Rb7 44. e6 fxe6 45. fxe6 Bf6 46.
Rd7 Rb8 47. Bd4 Kg6 48. g4 Re8 49. Bxf6 Kxf6 50. Kd5 Rxe6 51. Rd6 Rxd6+ 52.
Kxd6 Kg5 53. h3 Kh4 54. Ke5 Kxh3 55. Kf5 Kh4 56. Kg6 Kxg4 0-1

[Event "Festival Maggio"]
[Site "Roma ITA"]
[Date "1997.04.??"]
[Round "3"]
[White "Togni, Giampiero"]
[Black "Marta, Daniele"]
[Result "1-0"]
[WhiteElo "1701"]
[BlackElo "1807"]
[PlyCount "101"]
[EventDate "1997.04.30"]

1. Nf3 Nf6 2. c4 g6 3. Nc3 Bg7 4. d4 d6 5. e4 O-O 6. Be2 e5 7. O-O Nc6 8. d5
Ne7 9. Ne1 Nd7 10. Be3 f5 11. f3 f4 12. Bf2 h5 13. g4 Nf6 14. g5 Nh7 15. h4 Kh8
16. Kh2 Qd7 17. Rh1 Re8 18. b4 Ng8 19. Bf1 Bf8 20. Kg1 Be7 21. c5 Qd8 22. Ng2
Bxg5 23. hxg5 Nxg5 24. Bh4 Nh6 25. Bxg5 Qxg5 26. Qe1 Qe7 27. Qh4 Qxh4 28. Rxh4
a5 29. Nb5 Re7 30. cxd6 cxd6 31. Nxd6 axb4 32. Rc1 Bd7 33. Bc4 Ba4 34. Rh2 Rc7
35. Rb1 Rd8 36. Rxb4 Bd1 37. Nb5 Rc5 38. Nh4 g5 39. Ng6+ Kg7 40. Nxe5 g4 41.
Nc3 Bxf3 42. Rxb7+ Kf6 43. Rxh5 Rxc4 44. Rb6+ Kg7 45. Nxc4 Nf7 46. Rf5 Rh8 47.
Rb7 Rh1+ 48. Kf2 Rh2+ 49. Ke1 Rc2 50. Rfxf7+ Kg8 51. Rfc7 1-0

[Event "Festival Maggio"]
[Site "Roma ITA"]
[Date "1997.04.??"]
[Round "3"]
[White "Trangoni, Bruno"]
[Black "Cesarini, Lanfranco"]
[Result "0-1"]
[WhiteElo "1704"]
[BlackElo "1798"]
[PlyCount "66"]
[EventDate "1997.04.30"]

1. f4 b6 2. Nf3 Bb7 3. e3 g6 4. Be2 Bg7 5. Nc3 Nc6 6. O-O d6 7. d3 e5 8. e4
exf4 9. Bxf4 Nf6 10. Qd2 h6 11. Rae1 Qd7 12. e5 dxe5 13. Nxe5 Qd4+ 14. Kh1 Nxe5
15. Bxe5 Qxe5 16. Bf3 Be4 17. Nxe4 O-O-O 18. Nxf6 Qxb2 19. Nd5 Rxd5 20. Bxd5
Bc3 21. Qc1 Qb5 22. Bc4 Qh5 23. Re7 Be5 24. Rxe5 Qxe5 25. Rxf7 Re8 26. Rf1 g5
27. Qd1 Kb8 28. Qf3 b5 29. Bb3 h5 30. Qxh5 Rh8 31. Rf8+ Rxf8 32. Qd1 Re8 33. h3
Qg3 0-1

[Event "Festival Maggio"]
[Site "Roma ITA"]
[Date "1997.04.??"]
[Round "4"]
[White "Bono, Leonardo"]
[Black "Mastropietro, Marco"]
[Result "1/2-1/2"]
[WhiteElo "1765"]
[BlackElo "1785"]
[PlyCount "21"]
[EventDate "1997.04.30"]

1. Nf3 Nf6 2. c4 c5 3. Nc3 e6 4. g3 Nc6 5. Bg2 d5 6. b3 d4 7. Nb1 Be7 8. d3 O-O
9. O-O Nd7 10. Nbd2 f5 11. Bb2 1/2-1/2

[Event "Festival Maggio"]
[Site "Roma ITA"]
[Date "1997.04.??"]
[Round "4"]
[White "Campanile, Antonio"]
[Black "Barro, Carlo"]
[Result "1-0"]
[WhiteElo "2200"]
[BlackElo "1762"]
[PlyCount "79"]
[EventDate "1997.04.30"]

1. c4 Nf6 2. Nc3 g6 3. g3 Bg7 4. Bg2 O-O 5. e3 d6 6. Nge2 Nbd7 7. O-O c5 8. d4
Rb8 9. Nb5 a6 10. Na7 Qb6 11. Nxc8 Rfxc8 12. b3 Qc7 13. Bb2 b5 14. dxc5 Nxc5
15. cxb5 axb5 16. Nf4 e6 17. Rc1 Qe7 18. Qc2 Rc7 19. b4 Na6 20. Qb3 Ra7 21. Rc2
e5 22. Ne2 Nd7 23. Nc3 Nc7 24. Rfc1 Nb6 25. Nd5 Ncxd5 26. Bxd5 Nxd5 27. Rc8+
Rxc8 28. Rxc8+ Bf8 29. Qxd5 Kg7 30. f4 f6 31. Rb8 exf4 32. e4 Qd7 33. Bxf6+
Kxf6 34. Rxf8+ Kg7 35. Qg8+ Kh6 36. Rxf4 Qg7 37. Rh4+ Kg5 38. Qd5+ Qe5 39. Qd2+
Kf6 40. Qf2+ 1-0

[Event "Festival Maggio"]
[Site "Roma ITA"]
[Date "1997.04.??"]
[Round "4"]
[White "Cesarini, Lanfranco"]
[Black "Farina, Saverio"]
[Result "1-0"]
[WhiteElo "1798"]
[BlackElo "2170"]
[PlyCount "151"]
[EventDate "1997.04.30"]

1. e4 e6 2. d4 d5 3. exd5 exd5 4. Nf3 Nf6 5. Nc3 Bf5 6. Bd3 Bxd3 7. Qxd3 Bd6 8.
Bg5 c6 9. O-O O-O 10. Rfe1 Nbd7 11. Ne5 Qc7 12. Nxd7 Nxd7 13. Be7 Rfe8 14. Bxd6
Qxd6 15. a3 Nf6 16. h3 Re6 17. Rxe6 Qxe6 18. Qe2 Qxe2 19. Nxe2 Re8 20. Kf1 Ne4
21. Rd1 f6 22. f3 Nd6 23. b3 Kf7 24. Kf2 g5 25. a4 Kg6 26. Rc1 h5 27. Rd1 b6
28. Rd3 f5 29. Rc3 Rc8 30. Re3 Kf6 31. Ng3 Rh8 32. Rc3 f4 33. Ne2 Rc8 34. h4
Nf5 35. hxg5+ Kxg5 36. Rd3 c5 37. dxc5 Rxc5 38. c3 a5 39. Rd2 h4 40. Rd3 Ne7
41. Rd4 Nc6 42. Rxf4 Ne5 43. Rd4 Ng6 44. Ke3 Ne7 45. Kd3 Nf5 46. Rg4+ Kf6 47.
Nd4 Nxd4 48. Kxd4 Rc8 49. Rxh4 Kg5 50. Rh7 Kf4 51. Rf7+ Kg3 52. Rg7+ Kf4 53.
Rd7 Kg3 54. Rxd5 Kxg2 55. Rb5 Kxf3 56. Rxb6 Ke2 57. Ra6 Rb8 58. Kc4 Rc8+ 59.
Kd4 Rb8 60. Rxa5 Rxb3 61. Kc4 Ra3 62. Kb4 Ra1 63. Rd5 Rb1+ 64. Kc4 Ke3 65. a5
Ke4 66. Rd4+ Ke5 67. Kc5 Rb3 68. Rd5+ Ke6 69. c4 Ke7 70. a6 Ke6 71. Kc6 Ra3 72.
Kb7 Ra4 73. a7 Rxc4 74. Ra5 Rb4+ 75. Kc6 Rc4+ 76. Kb5 1-0

[Event "Festival Maggio"]
[Site "Roma ITA"]
[Date "1997.04.??"]
[Round "4"]
[White "Di Lascio, Savino"]
[Black "Scagliarini, Valentina"]
[Result "0-1"]
[WhiteElo "1927"]
[BlackElo "1771"]
[PlyCount "54"]
[EventDate "1997.04.30"]

1. Nf3 Nf6 2. g3 e6 3. Bg2 d5 4. O-O Bd6 5. d3 Nbd7 6. Nbd2 O-O 7. e4 c6 8. Re1
Qc7 9. b3 Re8 10. Bb2 dxe4 11. dxe4 Be7 12. e5 Nd5 13. c4 Nb4 14. Ne4 Rd8 15.
Nfg5 h6 16. Nxf7 Kxf7 17. Nd6+ Kg8 18. Qg4 Nxe5 19. Rxe5 Bxd6 20. Rh5 e5 21.
Qg6 Qf7 22. Rxh6 Qxg6 23. Rxg6 Nd3 24. Bc3 Bb4 25. Bxb4 Nxb4 26. Be4 Kf7 27. h4
Rd4 0-1

[Event "Festival Maggio"]
[Site "Roma ITA"]
[Date "1997.04.??"]
[Round "4"]
[White "Diena, Giovanni"]
[Black "Proietti, Giorgio"]
[Result "1-0"]
[WhiteElo "1540"]
[BlackElo "1717"]
[PlyCount "181"]
[EventDate "1997.04.30"]

1. e4 e6 2. d4 d5 3. Nc3 Bb4 4. exd5 exd5 5. Nf3 Nf6 6. Bd2 c6 7. Be2 Bf5 8.
O-O Nbd7 9. Qc1 Bd6 10. Re1 O-O 11. Nd1 Qc7 12. Ne3 Be4 13. h3 c5 14. c4 dxc4
15. Nxc4 Rac8 16. Nxd6 Qxd6 17. Bf4 Qb6 18. Qd2 Bxf3 19. Bxf3 cxd4 20. Rac1
Rfd8 21. b4 Nf8 22. Re7 Rxc1+ 23. Qxc1 Rd7 24. Rxd7 N6xd7 25. a3 Ne6 26. Qc8+
Ndf8 27. Bg3 d3 28. Qc3 Qd4 29. Be5 Qxc3 30. Bxc3 Nf4 31. Kf1 b6 32. Ke1 N8e6
33. Be5 Kf8 34. Bb8 a6 35. Ba7 b5 36. Kd2 Ke7 37. h4 Kd6 38. g3 Nd5 39. Kxd3
Nec7 40. Be4 Nf6 41. Bc5+ Ke6 42. Bg2 h5 43. Bh3+ Kd5 44. Bb6 Nfe8 45. Bg2+ Kd6
46. Bc5+ Ke6 47. Kd4 g6 48. Bb6 Kd6 49. Bc5+ Ke6 50. Bh3+ f5 51. Bf8 Kf7 52.
Bh6 Nf6 53. Ke5 Ng4+ 54. Bxg4 fxg4 55. Kd6 Ne8+ 56. Kc6 Ke6 57. Kb6 Kd5 58.
Kxa6 Kc4 59. Bf4 Nf6 60. Ka5 Nd5 61. Bd6 Nc3 62. Bc5 Ne4 63. Be3 Nd6 64. Kb6
Ne4 65. Ka5 Nd6 66. a4 bxa4 67. Kxa4 Nb5 68. Ka5 Nd6 69. Bc5 Nb5 70. Kb6 Nc3
71. Kc6 Nb5 72. Kd7 Kd5 73. Ke7 Ke5 74. Kf7 Kf5 75. Kg7 Nc7 76. Be3 Nb5 77. Kf7
Nc3 78. Bf4 Nb5 79. Ke7 Nc3 80. Kd6 Ne4+ 81. Kc6 Nxf2 82. b5 Nd3 83. Bd6 Nb2
84. b6 Nc4 85. Bc7 Nxb6 86. Kxb6 g5 87. hxg5 Kxg5 88. Bd8+ Kf5 89. Kc6 Ke4 90.
Kd6 Kf3 91. Bh4 1-0

[Event "Festival Maggio"]
[Site "Roma ITA"]
[Date "1997.04.??"]
[Round "4"]
[White "Galeno, Walter"]
[Black "Spano' Cuomo, Gaetano"]
[Result "1-0"]
[WhiteElo "1803"]
[BlackElo "1707"]
[PlyCount "83"]
[EventDate "1997.04.30"]

1. Nf3 d5 2. g3 Nf6 3. Bg2 Bf5 4. d3 Nbd7 5. O-O e5 6. Nbd2 Be7 7. c4 d4 8. Nh4
Be6 9. Bxb7 g5 10. Bxa8 Qxa8 11. Ng2 Bh3 12. f3 h5 13. Ne4 Nxe4 14. dxe4 g4 15.
Bd2 h4 16. Be1 hxg3 17. Bxg3 Qc6 18. Qd2 Qg6 19. e3 gxf3 20. Rxf3 Bg5 21. Raf1
dxe3 22. Qe2 Bg4 23. Qc2 Bxf3 24. Rxf3 f6 25. Nxe3 Bf4 26. Nf5 Nc5 27. Kh1 Qg4
28. Rf2 Bxg3 29. Rg2 Qxe4 30. Qxe4 Nxe4 31. Nxg3 Nxg3+ 32. Rxg3 Kf7 33. Ra3 Ra8
34. Kg2 f5 35. Ra6 Rb8 36. b3 Rb7 37. Kg3 Ke8 38. Re6+ Kf7 39. Rxe5 Kg6 40. Kf4
c6 41. Re6+ Kf7 42. Rxc6 1-0

[Event "Festival Maggio"]
[Site "Roma ITA"]
[Date "1997.04.??"]
[Round "4"]
[White "Guarnieri, Giuseppe"]
[Black "Trangoni, Bruno"]
[Result "0-1"]
[WhiteElo "1921"]
[BlackElo "1704"]
[PlyCount "98"]
[EventDate "1997.04.30"]

1. d4 c6 2. Nf3 f5 3. e3 Nf6 4. Bd3 g6 5. O-O Bg7 6. Nbd2 O-O 7. c3 d5 8. Ne5
Nbd7 9. Ndf3 Ne4 10. b3 Nxc3 11. Qc2 Ne4 12. Ba3 Ndf6 13. Rac1 Bd7 14. Nh4 Rc8
15. f3 Nd6 16. Nhxg6 hxg6 17. Nxg6 Rf7 18. Nh4 Nh7 19. Bxd6 exd6 20. Nxf5 Bf8
21. Rce1 Qf6 22. g4 Ng5 23. h4 Ne6 24. Qg2 Qh8 25. g5 Nf4 26. exf4 Bxf5 27.
Bxf5 Rxf5 28. Qg4 Qxd4+ 29. Rf2 Qxf4 30. Qh5 Rc7 31. Re6 Rh7 32. Rg6+ Kh8 33.
Qg4 Qxg4+ 34. fxg4 Rxf2 35. Kxf2 Rxh4 36. Kg3 Rh7 37. Re6 Re7 38. Rf6 Kg7 39.
Kh4 Re5 40. Rf3 Be7 41. Rf5 Rxf5 42. gxf5 d4 43. Kg4 d5 44. Kf4 Bd6+ 45. Kf3 b5
46. Ke2 c5 47. Kd3 Bf4 48. b4 c4+ 49. Kxd4 Bxg5 0-1

[Event "Festival Maggio"]
[Site "Roma ITA"]
[Date "1997.04.??"]
[Round "4"]
[White "Marta, Daniele"]
[Black "Attanasi, Salvatore"]
[Result "1-0"]
[WhiteElo "1807"]
[BlackElo "1705"]
[PlyCount "89"]
[EventDate "1997.04.30"]

1. d4 e6 2. c4 f5 3. Nf3 Nf6 4. Nc3 b6 5. e3 Be7 6. Bd3 Bb7 7. b3 O-O 8. Bb2
Ne4 9. Qc2 Nxc3 10. Bxc3 Bxf3 11. gxf3 d5 12. O-O-O c6 13. e4 g6 14. Rhg1 Kf7
15. Qe2 Na6 16. cxd5 cxd5 17. Bxa6 Qc7 18. Qc2 Qf4+ 19. Kb1 Qxf3 20. exf5 gxf5
21. Rg3 Qf4 22. Qd2 Qh4 23. Qe3 f4 24. Qf3 Rg8 25. Rh3 Qg4 26. Rxh7+ Kf6 27.
Rh6+ Kf7 28. Qxg4 Rxg4 29. Re1 Bf6 30. Rh3 Rag8 31. Rf3 Rh4 32. h3 Be7 33. Kb2
Bd6 34. Bd2 Kf6 35. Bc3 Kf5 36. Bd3+ Kf6 37. b4 Rg7 38. Kb3 Rh8 39. Bb2 Rhg8
40. Bc1 e5 41. dxe5+ Bxe5 42. Bxf4 Bxf4 43. Rxf4+ Kg5 44. Rf5+ Kg6 45. Rg1+ 1-0

[Event "Festival Maggio"]
[Site "Roma ITA"]
[Date "1997.04.??"]
[Round "4"]
[White "Michelena, Rodolfo"]
[Black "Simeoni, Matteo"]
[Result "0-1"]
[WhiteElo "1822"]
[BlackElo "1797"]
[PlyCount "54"]
[EventDate "1997.04.30"]

1. b3 e5 2. Bb2 Nc6 3. c4 Nf6 4. g3 d5 5. cxd5 Qxd5 6. Nf3 Bc5 7. Nc3 Qd8 8.
Bg2 e4 9. Ng5 Bxf2+ 10. Kxf2 Ng4+ 11. Ke1 Qxg5 12. Nxe4 Qg6 13. Ba3 Bf5 14. Qc2
O-O-O 15. Rc1 Rhe8 16. h3 Rxe4 17. Qc3 Nge5 18. Bxe4 Bxe4 19. Rf1 Qe6 20. b4
Bg2 21. Kf2 Bxf1 22. Kxf1 Qxh3+ 23. Kf2 Ng4+ 24. Kf3 Nd4+ 25. Ke4 Qg2+ 26. Kf4
Nxe2+ 27. Kxg4 Nxc3 0-1

[Event "Festival Maggio"]
[Site "Roma ITA"]
[Date "1997.04.??"]
[Round "4"]
[White "Petruccioli, Antonio"]
[Black "Fantazzini, Massimiliano"]
[Result "0-1"]
[WhiteElo "1926"]
[BlackElo "1753"]
[PlyCount "68"]
[EventDate "1997.04.30"]

1. e4 c6 2. d4 d5 3. exd5 cxd5 4. c4 e6 5. Nc3 Nf6 6. Nf3 Be7 7. Be3 O-O 8. c5
Nc6 9. a3 a5 10. Bd3 h6 11. O-O Ng4 12. Bf4 f5 13. Nb5 g5 14. Bd6 Rf7 15. h3
Nf6 16. Ne5 Rg7 17. Bxe7 Qxe7 18. Re1 Qf8 19. Nxc6 bxc6 20. Nd6 g4 21. hxg4
Rxg4 22. Be2 Rg5 23. Bf3 Ne4 24. Bxe4 fxe4 25. g3 e5 26. Nxc8 Qxc8 27. Kg2 exd4
28. Qxd4 Qf5 29. Qe3 Rf8 30. Rh1 d4 31. Qxd4 Qf3+ 32. Kg1 Rxg3+ 33. Kf1 Qxh1+
34. Ke2 Qf3+ 0-1

[Event "Festival Maggio"]
[Site "Roma ITA"]
[Date "1997.04.??"]
[Round "4"]
[White "Pezzaldi, Roberto"]
[Black "Giangregorio, Pasquale"]
[Result "1-0"]
[WhiteElo "2105"]
[BlackElo "1767"]
[PlyCount "59"]
[EventDate "1997.04.30"]

1. c4 c6 2. Nf3 d5 3. b3 Nf6 4. g3 Bf5 5. Bg2 e6 6. O-O Be7 7. d3 h6 8. Bb2
Nbd7 9. Nbd2 O-O 10. Re1 Qb6 11. e4 dxe4 12. dxe4 Bg4 13. e5 Nh7 14. Ne4 Rad8
15. Qc2 Nc5 16. Nxc5 Bxc5 17. Red1 Rxd1+ 18. Rxd1 Ng5 19. Qe2 Bxf3 20. Bxf3
Nh3+ 21. Kg2 Ng5 22. Bg4 Rd8 23. Rxd8+ Qxd8 24. f4 Nh7 25. f5 exf5 26. Bxf5 Nf8
27. e6 Nxe6 28. Bxe6 fxe6 29. Qxe6+ Kh8 30. Qxh6+ 1-0

[Event "Festival Maggio"]
[Site "Roma ITA"]
[Date "1997.04.??"]
[Round "4"]
[White "Simeone, Giulio"]
[Black "Pece, Alberto"]
[Result "1/2-1/2"]
[WhiteElo "1714"]
[BlackElo "1800"]
[PlyCount "117"]
[EventDate "1997.04.30"]

1. c4 Nf6 2. Nc3 e6 3. e4 Nc6 4. d4 e5 5. dxe5 Nxe5 6. f4 Nc6 7. e5 Ng8 8. Nf3
Bb4 9. Bd2 d6 10. exd6 Qxd6 11. Be2 Bf5 12. O-O O-O-O 13. Qa4 Bxc3 14. Bxc3 Nf6
15. Ne5 Nxe5 16. fxe5 Qc5+ 17. Kh1 Bd7 18. Qc2 Ng4 19. Bxg4 Bxg4 20. Rxf7 Rhf8
21. Rff1 Qxc4 22. Rf2 Bd1 23. Rxd1 Rxd1+ 24. Qxd1 Rxf2 25. Kg1 Re2 26. Qf1 Qc5+
27. Kh1 Qf2 28. Qxf2 Rxf2 29. Kg1 Rf7 30. g4 Kd7 31. Kg2 Ke6 32. Kg3 b5 33. b3
c5 34. Bb2 a5 35. Bc3 Rf1 36. Bxa5 Kxe5 37. Bc3+ Ke4 38. Bxg7 h5 39. g5 Rf3+
40. Kh4 Kf5 41. Bf6 Rf2 42. h3 Rxa2 43. Kxh5 Ra3 44. h4 Rxb3 45. Ba1 Rg3 46.
Kh6 c4 47. Kh7 Rg4 48. g6 Rxh4+ 49. Kg7 Re4 50. Kh7 Re7+ 51. g7 Rxg7+ 52. Bxg7
Ke4 53. Kg6 Kd5 54. Bc3 Kc5 55. Kf5 b4 56. Ba1 b3 57. Bc3 Kb5 58. Ke4 Kc5 59.
Ke3 1/2-1/2

[Event "Festival Maggio"]
[Site "Roma ITA"]
[Date "1997.04.??"]
[Round "4"]
[White "Spaziani, Gianni"]
[Black "Scacco, Mauro"]
[Result "0-1"]
[WhiteElo "1716"]
[BlackElo "2035"]
[PlyCount "110"]
[EventDate "1997.04.30"]

1. d4 d5 2. c4 e6 3. Nc3 Be7 4. e3 Nf6 5. Nf3 Nbd7 6. Qb3 c6 7. cxd5 exd5 8.
Bd3 O-O 9. Qc2 Re8 10. O-O Bd6 11. Re1 Nf8 12. e4 dxe4 13. Nxe4 Nxe4 14. Bxe4
Be6 15. Bd2 Qc7 16. h3 f6 17. Kh1 Bf7 18. Nh4 g6 19. Rac1 Re7 20. b4 a6 21. a3
Rae8 22. Nf3 Qd7 23. Nh2 f5 24. Bd3 Bxh2 25. Rxe7 Rxe7 26. Kxh2 Qxd4 27. Bc3
Qd6+ 28. Kg1 Nd7 29. Bb2 Ne5 30. Be2 f4 31. Rd1 Bd5 32. f3 Qf6 33. Bf1 Qg5 34.
Kh1 Qg3 35. Rxd5 cxd5 36. Bxe5 Rxe5 37. Qc8+ Kf7 38. Qxb7+ Kf6 39. Qxa6+ Kg5
40. Kg1 Qe1 41. Qb6 Qe3+ 42. Qxe3 Rxe3 43. a4 Ra3 44. Bb5 Kf6 45. a5 Ke7 46. a6
Kd6 47. Be2 Kc7 48. Kf2 Kb6 49. b5 d4 50. Bc4 Re3 51. g3 g5 52. gxf4 gxf4 53.
Bf1 d3 54. h4 h6 55. h5 Ka7 0-1

[Event "Festival Maggio"]
[Site "Roma ITA"]
[Date "1997.04.??"]
[Round "4"]
[White "Steinfl, Alessandro"]
[Black "Passerotti, Pierluigi"]
[Result "1/2-1/2"]
[WhiteElo "2240"]
[BlackElo "2300"]
[PlyCount "48"]
[EventDate "1997.04.30"]

1. d4 f5 2. Nf3 Nf6 3. g3 e6 4. Bg2 Be7 5. O-O O-O 6. c4 d6 7. Nc3 Qe8 8. Re1
d5 9. cxd5 exd5 10. Qb3 c6 11. e4 fxe4 12. Nxe4 Nxe4 13. Rxe4 Qf7 14. Re1 Bd6
15. Ng5 Qc7 16. Bxd5+ cxd5 17. Qxd5+ Kh8 18. Bf4 Bxf4 19. Nf7+ Kg8 20. Nh6+ Kh8
21. Nf7+ Kg8 22. Nd6+ Kh8 23. gxf4 Nc6 24. Nf7+ Kg8 1/2-1/2

[Event "Festival Maggio"]
[Site "Roma ITA"]
[Date "1997.04.??"]
[Round "4"]
[White "Teodorescu, Florin Cornel"]
[Black "Franchi, Jose' Maria"]
[Result "1-0"]
[WhiteElo "2300"]
[BlackElo "1846"]
[PlyCount "113"]
[EventDate "1997.04.30"]

1. e4 c5 2. Ne2 d6 3. d4 cxd4 4. Nxd4 Nf6 5. Nc3 g6 6. Be2 Bg7 7. O-O O-O 8.
Re1 Nc6 9. Nb3 Be6 10. Bf1 Ne5 11. Bg5 Nc4 12. Bxc4 Bxc4 13. Qd2 Re8 14. Rad1
Qc7 15. Nd4 Rac8 16. Re3 Qc5 17. Rh3 Nd7 18. Be3 Qb4 19. Qc1 Qa5 20. Bh6 Bh8
21. a3 Be6 22. Nxe6 fxe6 23. Bd2 Qc7 24. Be1 Bg7 25. Qg5 Nf8 26. Qg4 a5 27. Rd2
Qc4 28. Rg3 d5 29. Nd1 Qxe4 30. Qxe4 dxe4 31. Rb3 Rc7 32. Re2 Rd7 33. Ne3 a4
34. Rb4 Ra8 35. Kf1 e5 36. Nc4 Ra6 37. Rxe4 Rd4 38. Rxd4 exd4 39. Rxb7 e5 40.
f3 Ne6 41. Bg3 Nf4 42. Bxf4 exf4 43. Ke2 Re6+ 44. Kd2 Ra6 45. Kd3 Re6 46. Ra7
Re1 47. Rxa4 Rd1+ 48. Ke4 Re1+ 49. Kxf4 Re2 50. Ra8+ Bf8 51. Ne5 Kg7 52. Ra7+
Kg8 53. Ng4 Bg7 54. Ra8+ Kf7 55. Ra7+ Kg8 56. Kg5 Rxg2 57. Rc7 1-0

[Event "Festival Maggio"]
[Site "Roma ITA"]
[Date "1997.04.??"]
[Round "4"]
[White "Tosoni, Augusto"]
[Black "Togni, Giampiero"]
[Result "1-0"]
[WhiteElo "2056"]
[BlackElo "1701"]
[PlyCount "83"]
[EventDate "1997.04.30"]

1. e4 d6 2. d4 g6 3. Nc3 Bg7 4. f4 e5 5. Nf3 exd4 6. Nxd4 Nf6 7. Be2 O-O 8. O-O
Re8 9. Bf3 c6 10. Kh1 Nbd7 11. a4 Nc5 12. Re1 Ng4 13. Bxg4 Bxg4 14. Qxg4 Bxd4
15. f5 d5 16. fxg6 hxg6 17. Bg5 Qd6 18. exd5 Bxc3 19. bxc3 Qxd5 20. Be7 Ne6 21.
Bf6 Qf5 22. Qh4 Qh5 23. Qxh5 gxh5 24. Re5 Kh7 25. Rae1 Kg6 26. Bh4 Nc7 27. Rg5+
Kh6 28. Rf1 Re6 29. Rxf7 Rae8 30. h3 R8e7 31. Rff5 Nd5 32. Rxh5+ Kg6 33. Bxe7
Nxe7 34. Rhg5+ Kh6 35. Re5 Rd6 36. h4 Ng6 37. Rh5+ Kg7 38. Reg5 Kf6 39. Rh6 Kg7
40. Rgxg6+ Rxg6 41. Rxg6+ Kxg6 42. a5 1-0

[Event "Festival Maggio"]
[Site "Roma ITA"]
[Date "1997.04.??"]
[Round "4"]
[White "Zanobini, Andrea"]
[Black "Moroni, Marco"]
[Result "0-1"]
[WhiteElo "1798"]
[BlackElo "1785"]
[PlyCount "160"]
[EventDate "1997.04.30"]

1. d4 d5 2. c4 e5 3. dxe5 d4 4. g3 Nc6 5. Nf3 Bg4 6. Bg2 Bc5 7. O-O Nge7 8. a3
a5 9. Ng5 O-O 10. Qd3 Bf5 11. Qd1 Nxe5 12. Nd2 h6 13. Nge4 Ba7 14. b4 axb4 15.
axb4 Bg4 16. c5 d3 17. f3 Qd4+ 18. Kh1 Qxa1 19. fxg4 Qd4 20. Nb3 Qxb4 21. exd3
Rad8 22. d4 N5c6 23. d5 Ne5 24. d6 cxd6 25. Bd2 dxc5 26. Bxb4 Rxd1 27. Rxd1
cxb4 28. g5 hxg5 29. Nxg5 Ng4 30. Nh3 Ne3 31. Rd7 Nxg2 32. Rxe7 Ne3 33. Rxb7
Bb8 34. Rxb4 Rd8 35. Rd4 Re8 36. Nf2 Ba7 37. Re4 Rb8 38. Nc1 Rb1 39. Nfd3 Nd5
40. Re5 Nf6 41. Kg2 Kf8 42. Kh3 Bd4 43. Ra5 g6 44. Ra8+ Kg7 45. Ne2 Be3 46. Rc8
g5 47. Rc7 g4+ 48. Kg2 Nd5 49. Rc4 f5 50. Rc6 Rd1 51. Ndc1 Bd2 52. h4 gxh3+ 53.
Kxh3 Ne3 54. Kh2 Rf1 55. Nd3 Ng4+ 56. Kg2 Ra1 57. Ndf4 Ra2 58. Rc7+ Kg8 59.
Rc8+ Kg7 60. Kh3 Bxf4 61. gxf4 Rxe2 62. Rc7+ Kf8 63. Kh4 Ne3 64. Rc3 Nd5 65.
Rc5 Ne7 66. Re5 Rxe5 67. fxe5 Kf7 68. Kg5 Ke6 69. Kf4 Ng6+ 70. Ke3 Kxe5 71. Kf3
f4 72. Kf2 Nh4 73. Ke2 Ke4 74. Kf2 f3 75. Kf1 Ke3 76. Ke1 Nf5 77. Kf1 f2 78.
Kg2 Ke2 79. Kh2 Ne3 80. Kh3 f1=Q+ 0-1

[Event "Festival Maggio"]
[Site "Roma ITA"]
[Date "1997.04.??"]
[Round "5"]
[White "Attanasi, Salvatore"]
[Black "Di Lascio, Savino"]
[Result "1/2-1/2"]
[WhiteElo "1705"]
[BlackElo "1927"]
[PlyCount "120"]
[EventDate "1997.04.30"]

1. e4 c6 2. d4 d5 3. exd5 cxd5 4. Bd3 Nc6 5. c3 g6 6. Bf4 Bg7 7. Nf3 Nf6 8.
Nbd2 Qb6 9. Nb3 Ne4 10. Qe2 f5 11. O-O h6 12. Ne5 Nxe5 13. Bxe5 Bxe5 14. dxe5
Bd7 15. c4 e6 16. cxd5 exd5 17. Rac1 Kf7 18. Kh1 Rac8 19. Bxe4 fxe4 20. Qd2 Bc6
21. Qf4+ Kg8 22. Qf6 Bd7 23. Rxc8+ Bxc8 24. Qxb6 axb6 25. Rc1 Kf7 26. Nd4 Re8
27. Rc7+ Kg8 28. e6 Bxe6 29. Rxb7 Rc8 30. h3 Rc1+ 31. Kh2 Bc8 32. Rxb6 Rc4 33.
Rxg6+ Kh7 34. Rc6 Rxd4 35. Rxc8 Rd2 36. Rc5 d4 37. Rc4 e3 38. fxe3 dxe3 39. Re4
Rxb2 40. Rxe3 Rxa2 41. Re6 Ra3 42. Rf6 Kg7 43. Rf3 Ra7 44. g4 Kh7 45. Kg3 Kg7
46. Kh4 Kh7 47. Kh5 Kg7 48. Rf5 Ra3 49. h4 Ra7 50. g5 Ra6 51. Kg4 Ra4+ 52. Rf4
Rxf4+ 53. Kxf4 hxg5+ 54. hxg5 Kg6 55. Kg4 Kg7 56. Kf5 Kf7 57. g6+ Kg7 58. Kg5
Kg8 59. Kf6 Kf8 60. g7+ Kg8 1/2-1/2

[Event "Festival Maggio"]
[Site "Roma ITA"]
[Date "1997.04.??"]
[Round "5"]
[White "Cattarinich, Benedetto"]
[Black "Petruccioli, Antonio"]
[Result "1-0"]
[WhiteElo "1807"]
[BlackElo "1926"]
[PlyCount "95"]
[EventDate "1997.04.30"]

1. d4 d5 2. Nf3 c6 3. c4 Nf6 4. Nc3 dxc4 5. e3 b5 6. a4 Nd5 7. axb5 Nxc3 8.
bxc3 cxb5 9. Ba3 e6 10. Bxf8 Kxf8 11. Ne5 Bb7 12. Qb1 Qb6 13. Qb4+ Ke8 14. Ra5
Bc6 15. Nxc6 Nxc6 16. Qxb5 Qxa5 17. Qxc6+ Ke7 18. Qb7+ Kd6 19. f3 Rab8 20. Qxf7
Rhf8 21. Qxg7 Qa2 22. Be2 Rg8 23. Qe5+ Kd7 24. d5 Rb6 25. Kf2 Rg6 26. dxe6+ Ke7
27. Ra1 Qxa1 28. Qc7+ Kxe6 29. Bxc4+ Kf6 30. Qf7+ Kg5 31. Qf4+ Kh5 32. g4+ Rxg4
33. fxg4+ Kg6 34. Qf7+ Kh6 35. h4 Rg6 36. g5+ Rxg5 37. hxg5+ Kxg5 38. Qg7+ Kf5
39. Qf7+ Kg5 40. Qf4+ Kg6 41. Bd3+ Kg7 42. Qc7+ Kf6 43. Qxh7 Qb2+ 44. Kf3 Qc1
45. Ke4 Qg1 46. Qh4+ Kg7 47. Qe7+ Kh8 48. Qf8+ 1-0

[Event "Festival Maggio"]
[Site "Roma ITA"]
[Date "1997.04.??"]
[Round "5"]
[White "Corvi, Marco"]
[Black "Tosoni, Augusto"]
[Result "0-1"]
[WhiteElo "2235"]
[BlackElo "2056"]
[PlyCount "62"]
[EventDate "1997.04.30"]

1. c4 Nf6 2. Nc3 g6 3. g3 Bg7 4. Bg2 O-O 5. e3 c5 6. Nge2 Nc6 7. d4 d6 8. O-O
e5 9. dxc5 dxc5 10. b3 Qe7 11. Bb2 Rd8 12. Nd5 Nxd5 13. cxd5 Be6 14. e4 Bg4 15.
f3 Bc8 16. Qc2 Nd4 17. Nxd4 exd4 18. Rfd1 b6 19. f4 Bb7 20. Qc4 Qd7 21. a4 a5
22. Bf1 f5 23. d6+ Kh8 24. e5 Qc6 25. Kf2 Qf3+ 26. Ke1 Ba6 27. Qxa6 Rxa6 28.
Bxa6 Qh1+ 29. Kd2 Qxh2+ 30. Kd3 Qxg3+ 31. Kc4 Qxf4 0-1

[Event "Festival Maggio"]
[Site "Roma ITA"]
[Date "1997.04.??"]
[Round "5"]
[White "Farina, Saverio"]
[Black "Spaziani, Gianni"]
[Result "1-0"]
[WhiteElo "2170"]
[BlackElo "1716"]
[PlyCount "69"]
[EventDate "1997.04.30"]

1. d4 Nf6 2. c4 e6 3. a3 d5 4. Nc3 b6 5. cxd5 exd5 6. Bg5 Be7 7. e3 Bf5 8. Nf3
h6 9. Bh4 Bg4 10. Qa4+ Bd7 11. Qb3 c6 12. Ne5 Be6 13. Bd3 Ne4 14. Bxe7 Qxe7 15.
Rc1 Qg5 16. Bxe4 dxe4 17. Qc2 f5 18. Ne2 O-O 19. h4 Qf6 20. Nf4 Rc8 21. g4 fxg4
22. Nxe6 Qxe6 23. Qxe4 h5 24. d5 Qe7 25. dxc6 Qe6 26. Qc4 Qxc4 27. Rxc4 a5 28.
Ke2 Ra7 29. Rd1 Rac7 30. Rd6 Re7 31. c7 Rxe5 32. Rd8+ Re8 33. Rxe8+ Rxe8 34.
c8=Q Rxc8 35. Rxc8+ 1-0

[Event "Festival Maggio"]
[Site "Roma ITA"]
[Date "1997.04.??"]
[Round "5"]
[White "Franchi, Jose' Maria"]
[Black "Laudati, Adriano"]
[Result "1/2-1/2"]
[WhiteElo "1846"]
[BlackElo "1852"]
[PlyCount "87"]
[EventDate "1997.04.30"]

1. e4 e6 2. d4 d5 3. Nd2 Nf6 4. e5 Nfd7 5. Bd3 c5 6. c3 Nc6 7. Ne2 Be7 8. O-O
O-O 9. Nf3 f5 10. exf6 Nxf6 11. Nf4 cxd4 12. cxd4 Ne4 13. Be3 Bd6 14. Nh5 Kh8
15. Bxe4 dxe4 16. Ng5 Ne7 17. Nxe4 Nf5 18. Nxd6 Qxd6 19. Bf4 Qxd4 20. Qxd4 Nxd4
21. Be5 Ne2+ 22. Kh1 Rf5 23. Rfe1 Rxe5 24. Nf4 Bd7 25. Rxe2 Rxe2 26. Nxe2 Bc6
27. Rd1 Kg8 28. f3 Kf7 29. Kg1 Ke7 30. Kf2 Rd8 31. Rxd8 Kxd8 32. Ke3 Ke7 33.
Kd4 Kd6 34. Nc3 e5+ 35. Ke3 h6 36. g3 Ke6 37. h4 Kf5 38. g4+ Ke6 39. Ne4 Bd5
40. a3 b6 41. Ng3 g6 42. Ne2 Bc6 43. Nc3 Kd6 44. Ne4+ 1/2-1/2